Shep stewards in action : the organization of work place conflict and accomodation

Bibliographic Details
Main Authors: Batstone, Eric (Author), Boraston, Ian (Author), Frenkel, Stephen (Author)
Format: Book
Published: Oxford : Basil Blackwell , 1977
Subjects:

MARC

LEADER 00000cam a2200000 7i4500
001 0000004926
005 20071217093000.0
008 021118s1977
020 |a 0631172602 
050 0 0 |a HD6490.S5   |b B37 
090 0 0 |a HD6490.S5   |b B37 
100 0 |a Batstone, Eric ,   |e author 
245 0 0 |a Shep stewards in action :   |b the organization of work place conflict and accomodation   |c (by) Eric Batston   |f Ian Boraston (and) Stephen Frenkel 
260 2 |a Oxford :   |b Basil Blackwell ,   |c 1977 
300 |a 316 p. ; ;   |c 22 cm. 
650 0 |a Shep stewards   |z Great Britain 
700 0 |a Boraston, Ian ,   |e author 
700 0 |a Frenkel, Stephen ,   |e author 
999 |a 1000011863   |b Book   |c OPEN SHELF (30 DAYS)   |e Gong Badak Campus